000 01287nam1a2200361 4500
001 RU\NLR\BIBL_A\022043033
005 20240922034714.0
010 _a9785091074352
035 _a(NLR Aleph) 022043033
090 _a12575265
_c12575265
100 _a20231006g20239999u y0rusy50 ca
101 0 _arus
102 _aRU
105 _a j
181 0 _ai3
_baxxe
182 0 _an
200 1 _aОкружающий мир
_e1 класс
_eучебное пособие
_eв двух частях
_fЕ. П. Суворова, Е. А. Купирова
203 _aТекст
_bвизуальный
_cнепосредственный
210 _aМосква
_cПросвещение
_d2023
215 _d24
225 1 _aШкола Диалога
225 1 _aФГОС
333 _a6+
606 1 _aЕстествознание
_jУчебные издания для начальной школы
_91049255
_3RU\NLR\AUTH\6687283
675 _a373.167.1:5
675 _a5(075.2)
686 1 _aБ.я71
700 1 _aСуворова
_bЕ. П.
_gЕкатерина Павловна
701 1 _aКупирова
_bЕ. А.
_gЕлена Анатольевна
852 _aNLR
_j2023-7/5462
942 _cBOOK